Confederation Internationale des Negociants en Ouvres D'art (CINOA) (Record no. 119765)
[ view plain ]
| 000 -LEADER | |
|---|---|
| fixed length control field | 00738cam a2200181 4500 |
| 001 - CONTROL NUMBER | |
| control field | WS110504 |
| 008 - FIXED-LENGTH DATA ELEMENTS--GENERAL INFORMATION | |
| fixed length control field | 000000n 000 0 eng u |
| 035 ## - SYSTEM CONTROL NUMBER | |
| System control number | (Sirsi) u110504 |
| 110 ## - MAIN ENTRY--CORPORATE NAME | |
| Corporate name or jurisdiction name as entry element | Confederation Internationale des Negociants en Ouvres D'art |
| 9 (RLIN) | 4014 |
| 245 ## - TITLE STATEMENT | |
| Title | Confederation Internationale des Negociants en Ouvres D'art (CINOA) |
| 520 ## - SUMMARY, ETC. | |
| Summary, etc. | Site for this international organisation to 'encourage artistic development throughout the world'. Includes a searchable list of galleries and a members area. |
| 650 ## - SUBJECT ADDED ENTRY--TOPICAL TERM | |
| Topical term or geographic name entry element | ART GALLERIES |
| 650 ## - SUBJECT ADDED ENTRY--TOPICAL TERM | |
| Topical term or geographic name entry element | INTERNATIONAL |
| 650 ## - SUBJECT ADDED ENTRY--TOPICAL TERM | |
| Topical term or geographic name entry element | ORGANISATION |
| 690 ## - LOCAL SUBJECT ADDED ENTRY--TOPICAL TERM (OCLC, RLIN) | |
| Topical term or geographic name as entry element | Arts and antiques |
| 9 (RLIN) | 6217 |
| 856 40 - ELECTRONIC LOCATION AND ACCESS | |
| Uniform Resource Identifier | <a href="https://www.cinoa.org">https://www.cinoa.org</a> |
| Public note | View the website free of charge at www.cinoa.org... |
| 942 ## - ADDED ENTRY ELEMENTS (KOHA) | |
| Suppress in OPAC | 0 |
| Withdrawn status | Lost status | Source of classification or shelving scheme | Damaged status | Not for loan | Home library | Current library | Shelving location | Date acquired | Total Checkouts | Full call number | Barcode | Date last seen | Copy number | Price effective from | Koha item type |
|---|---|---|---|---|---|---|---|---|---|---|---|---|---|---|---|
| Dewey Decimal Classification | Virtual | Virtual | Online | 24/01/2001 | WEB SITE | 110504-2001 | 06/08/2019 | 1 | 06/08/2019 | Online material |